Catalog

Record Details

Catalog Search



Dragon : Happy Valentine's Day!  Cover Image Book Book

Dragon : Happy Valentine's Day! / adapted by Gabrielle Reyes ; based on an original TV episode written by Greg Dummett & Aline Gilmore.

Reyes, Gabrielle. : (author). Dummett, Greg. (Added Author). Gilmore, Aline. (Added Author).

Summary:

Dragon wants to make cookies for all his friends for Valentines Day. But the smell of baking cookies is so yummy, he ends up eating all the cookies! Will he find another way to show his friends how much he loves them?

Record details

  • ISBN: 9780545200554
  • ISBN: 0545200555
  • ISBN: 9780329792046
  • ISBN: 0329792040
  • Physical Description: 34 unnumbered pages : color illustrations ; 23 cm.
  • Publisher: New York : Scholastic Inc., c2010.

Content descriptions

General Note:
"Level 1 : beginning reader 50 - 250 words"--P. [4] of cover.
"Sight words, words to sound out & simple sentences"--P. [4] of cover.
Target Audience Note:
PreK-1.
Subject: Dragons > Juvenile fiction.
Valentine's Day > Juvenile fiction.
Cookies > Juvenile fiction.
Baking > Juvenile fiction.
Friendship > Juvenile fiction.
Genre: Fiction.
Juvenile works.
Radio and television novels.
Readers (Primary)

Available copies

  • 1 of 1 copy available at scottsboropl.

Holds

  • 0 current holds with 1 total copy.
Show Only Available Copies
Location Call Number / Copy Notes Barcode Shelving Location Status Due Date
scottsboropl E Rey 32269000878341 Juvenile - Beginning Reader Available -

LDR 01574cam a2200373Ia 4500
001133339
003SBPL
00520140703073307.0
008100510s2010 nyua j 000 0 eng d
020 . ‡a9780545200554 ‡q(pbk.)
020 . ‡a0545200555 ‡q(pbk.)
020 . ‡a9780329792046
020 . ‡a0329792040
035 . ‡a(CONS)133339
035 . ‡a(CPomAG)LMN505395
050 4. ‡aPZ
08204. ‡a[E] ‡222
1001 . ‡aReyes, Gabrielle. : ‡eauthor
24510. ‡aDragon : ‡bHappy Valentine's Day! / ‡cadapted by Gabrielle Reyes ; based on an original TV episode written by Greg Dummett & Aline Gilmore.
24630. ‡aHappy Valentine's Day!
260 . ‡aNew York : ‡bScholastic Inc., ‡cc2010.
300 . ‡a34 unnumbered pages : ‡bcolor illustrations ; ‡c23 cm.
336 . ‡atext ‡btxt ‡2rdacontent
337 . ‡aunmediated ‡bn ‡2rdamedia
338 . ‡avolume ‡bnc ‡2rdacarrier
4901 . ‡aScholastic reader. Level 1
500 . ‡a"Level 1 : beginning reader 50 - 250 words"--P. [4] of cover.
500 . ‡a"Sight words, words to sound out & simple sentences"--P. [4] of cover.
520 . ‡aDragon wants to make cookies for all his friends for Valentines Day. But the smell of baking cookies is so yummy, he ends up eating all the cookies! Will he find another way to show his friends how much he loves them?
5210 . ‡aPreK-1.
650 0. ‡aDragons ‡vJuvenile fiction.
650 0. ‡aValentine's Day ‡vJuvenile fiction.
650 0. ‡aCookies ‡vJuvenile fiction.
650 0. ‡aBaking ‡vJuvenile fiction.
650 0. ‡aFriendship ‡vJuvenile fiction.
655 7. ‡aFiction.
655 7. ‡aJuvenile works.
655 7. ‡aRadio and television novels.
655 7. ‡aReaders (Primary) ‡2lcgft
7001 . ‡aDummett, Greg.
7001 . ‡aGilmore, Aline.
7300 . ‡aDragon (Television program)
830 0. ‡aScholastic reader. ‡nLevel 1.
901 . ‡a133339 ‡bUnknown ‡c133339 ‡tbiblio

Additional Resources